Statistics for Multiple Choice Geography #3

Click here to take the quiz!

General Stats

  • This quiz has been taken 18,641 times
  • The average score is 13 of 15

Answer Stats

Question Answer % Correct
Which of these countries is in Africa?Sudan
97%
Which of these currencies is still in use today?Swiss Franc
89%
Which of these countries has a capital city whose name starts with C?Australia
87%
Which of these countries has a king?Jordan
87%
Which of these mountains is located in the United States?Mount Rainier
86%
Which of these countries borders the Mediterranean Sea?Croatia
85%
Which of these seas borders Italy?Adriatic Sea
85%
Which of these countries is on the Equator?Democratic Republic of the Congo
84%
Which of these cities is in Scotland?Aberdeen
84%
Which of these European capitals is near the coast?Dublin
83%
Which of these is an official language of South Africa?Xhosa
80%
Which of these countries is located in Indochina?Cambodia
79%
Which of these countries is part of the European Union?Poland
79%
Which of these countries has a shrinking population?Romania
73%
Which of these countries was uninhabited in the year 1 AD?Iceland
72%

Score Distribution

Percentile by Number Answered

Percent of People with Each Score

Your Score History

You have not taken this quiz